=LDR 00000nam 2200000 4500 =001 INLIS000000000018072 =005 20130612113242 =008 ***********************************Ind** =035 ##$$0010-061300000018072 =041 ##$$a Ind =082 ##$$a 612.652 =090 ##$$a 612.652, War p =100 ##$$a Warner, Penuy =245 ##$$a Perkembangan bayi minggu per minggu pada tahun pertama, bagaimana anda dapat membantunya secara fisik, kognitif dan psikologis, Penny Warner ; alih bahasa, Liliana Wijaya =260 ##$$a 2004 $b Jakarta =300 ##$$a x, 260 hlm, 20 cm =650 ##$$a Bayi-Perawatan =850 ##$$a NBPNMAT